000 00759nam a2200217Ia 4500
003 GCL
008 140319s9999 xx 000 0 ara d
040 _aGCL /
_cGCL
082 0 4 _a327.172
_bف خ
100 1 _aفتحى محمد مصيلحى
245 1 0 _aخريطة القوى السياسية وتخطيط الامن القومى بالشرق الاوسط والمنطقة العربية /
_cفتحى محمد مصيلحى
260 _a[S.N] :
_bدائرة الاعلام ،
_c1992
300 _a168 ص
490 _a
650 0 4 _aالعالم العربى
650 0 4 _aالاحوال السياسية
650 0 4 _aالشرق الاوسط
650 0 4 _aالامن القومى
650 0 4 _aالسياسة العسكرية
942 _2ddc
_cBK
999 _c30386
_d30386